000 00567nam a22002057a 4500
999 _c312
_d312
003 OSt
005 20190904162927.0
008 140805b xxu||||| |||| 00| 0 eng d
020 _a0201514176
040 _cDLC
082 _a530 SEA 1991
100 _aSears Francis W.; Zemansky Mark W.; Young Hugh D
_9820
245 _aCollege Physics
250 _a7th ed.
260 _aNew york:
_bAddison Weseley publishing company;
_c1991
300 _axvii, 1060 p.:
_bcol.ill
_c28 cm.
504 _aIncludes answers and index
650 _aPhysics
_9809
942 _2z
_cB_BANK